Geology and building subsidence. (Record no. 100508)

MARC details
000 -LEADER
fixed length control field 00850cam a2200277 4500
001 - CONTROL NUMBER
control field J105944
008 - FIXED-LENGTH DATA ELEMENTS--GENERAL INFORMATION
fixed length control field 000000n1997 000 0 eng u
020 ## - INTERNATIONAL STANDARD BOOK NUMBER
International Standard Book Number 0902167480
035 ## - SYSTEM CONTROL NUMBER
System control number (Sirsi) u105944
041 ## - LANGUAGE CODE
Language code of text/sound track or separate title ENG
050 ## - LIBRARY OF CONGRESS CALL NUMBER
Classification number 624.15
100 ## - MAIN ENTRY--PERSONAL NAME
Personal name Clayton, K.
110 ## - MAIN ENTRY--CORPORATE NAME
Corporate name or jurisdiction name as entry element Loss Prevention Council
9 (RLIN) 1863
245 ## - TITLE STATEMENT
Title Geology and building subsidence.
260 ## - PUBLICATION, DISTRIBUTION, ETC.
Place of publication, distribution, etc. Loss Prevention Council
Date of publication, distribution, etc. 1997
300 ## - PHYSICAL DESCRIPTION
Extent 33p. ; 30cm.
350 ## - PRICE (NR) (BK AM CF MU VM SE) [OBSOLETE]
Price 15.00
490 ## - SERIES STATEMENT
Series statement LPR
Volume/sequential designation 7
520 ## - SUMMARY, ETC.
Summary, etc. Links foundation failures to the nature of foundation soils and their underlying geology. Includes guidance on sources of geological data.
650 ## - SUBJECT ADDED ENTRY--TOPICAL TERM
Topical term or geographic name entry element SUBSIDENCE
650 ## - SUBJECT ADDED ENTRY--TOPICAL TERM
Topical term or geographic name entry element GEOLOGY
650 ## - SUBJECT ADDED ENTRY--TOPICAL TERM
Topical term or geographic name entry element BUILT ENVIRONMENT-BUILDING ELEMENTS-COMPLETE BUILDING ELEMENTS-FOUNDATIONS
650 ## - SUBJECT ADDED ENTRY--TOPICAL TERM
Topical term or geographic name entry element LANDSLIPS
690 ## - LOCAL SUBJECT ADDED ENTRY--TOPICAL TERM (OCLC, RLIN)
Topical term or geographic name as entry element BUILT ENVIRONMENT
942 ## - ADDED ENTRY ELEMENTS (KOHA)
Suppress in OPAC 0
Holdings
Withdrawn status Lost status Source of classification or shelving scheme Damaged status Not for loan Home library Current library Shelving location Date acquired Cost, normal purchase price Total Checkouts Full call number Barcode Date last seen Date last checked out Copy number Cost, replacement price Price effective from Koha item type
    Dewey Decimal Classification     London London Basement 02/06/2000 15.00 2 BASEMENT 30061574 06/08/2019 10/12/2003 1 15.00 06/08/2019 Book